000 00445nam a2200157 i 4500
001 47764
003 ES-MaACL
005 20230906161627.0
007 t|
008 030522q1908 sp ||||1| spa d
100 1 _aBlas y Ubide, Juan.
_929359
245 1 4 _aLas caracolas
_b: cuentos aragoneses /
_cJuan Blas y Ubide.
260 _aZaragoza :
_b[s.n.,
_c1908?] (
_fAbadía y Capapé)
300 _a148 p. ;
_c18 cm.
852 _aES-MaACL
_jF-13007
999 _c47764
_d47764